000 00964nam a2200289 i 4500
001 17284
003 ES-MaACL
005 20250316204104.0
007 t|
008 010124s2000 sp ||||0| spa j
020 _a84-8428-022-5
040 _aM-BN
_bspa
_cM-BN
080 _a821.112.2-32"19"
100 0 _aMann, Thomas,
_d1875-1955
_976055
245 1 0 _aDesorden y dolor precoz /
_cThomas Mann ; traducción de Rosa Sala. Novela de niños / Klaus Mann ; traducción de Roswitha S. von Harttung ; introducción, Rosa Sala.
250 _a1ª ed.
260 _aBarcelona :
_bAlba,
_c2000.
300 _a163 p. ;
_c21 cm.
490 1 _aAlba clásicos modernos ;
_v12
700 1 _aHarttung, Roswitha S. von.
_962003
700 1 _aSala, Rosa.
_9101656
740 0 _aNovela de niños.
830 0 _aAlba clásicos modernos ;
_v12
_9228701
852 _aES-MaACL
_jL-24153
_bR.129419
999 _c17284
_d17284